| 000 | 00475nam a2200145Ia 4500 | ||
|---|---|---|---|
| 008 | 230917s9999||||xx |||||||||||||| ||und|| | ||
| 040 |
_e169574 _aMAIN |
||
| 041 | _aEnglish | ||
| 082 | _a891.4317109 MB896:RL | ||
| 100 | _aलल्लन राय | ||
| 245 | 0 | _aमुक्तिबोध का साहित्यः विवेक और उनकी कविता | |
| 260 |
_aरोहतक _bमन्थन _c1980 |
||
| 300 | _a279 पृ. p. | ||
| 942 | _cHN | ||
| 999 |
_c132183 _d132183 |
||